| 000 | 00521nam a22002057a 4500 | ||
|---|---|---|---|
| 003 | LK-CoMWRAF | ||
| 005 | 20231117213734.0 | ||
| 008 | 231117b |||||||| |||| 00| 0 eng d | ||
| 020 | _a1853261874 | ||
| 040 |
_aLK-CoMWRAF _dLK-CoMWRAF _eLK-CoMWRAF |
||
| 041 | _aeng | ||
| 082 |
_a891.55 _bKHA |
||
| 100 | _aKhayyam, Omar | ||
| 245 | _aThe Rubaiyat of Omar Khayyam | ||
| 260 |
_b Wordsworth classics, _c1996 |
||
| 300 | _a96p | ||
| 650 | _aPersians Stories | ||
| 700 |
_aFitzgerald, Edward _etrans. |
||
| 942 | _cBK | ||
| 999 |
_c4120 _d4120 |
||